Name the countries of Europe - Statistics

General Stats
  • This quiz has been taken 41 times
  • The average score is 37 of 45
Answers on the Map
Answers color-coded by a green-red scale on the quiz's map according to % correct below.
 
Answer Stats
Country Longitude % Correct
Iceland -19.020835
100%
Ireland -8.24389
97%
France 2.213749
94%
Luxembourg 6.129583
94%
Portugal -8.224454
94%
Spain -3.74922
94%
United Kingdom -3.435973
94%
Andorra 1.601554
90%
Belgium 4.469936
90%
Germany 10.451526
90%
Italy 12.56738
90%
Netherlands 5.291266
90%
Norway 8.468946
90%
Vatican City 12.453389
90%
Austria 14.550072
87%
Denmark 9.501785
87%
Switzerland 8.227512
87%
Liechtenstein 9.555373
84%
Monaco 7.412841
84%
Poland 19.145136
84%
San Marino 12.457777
84%
Sweden 18.643501
84%
Belarus 27.953389
81%
Croatia 15.2
81%
Finland 25.748151
81%
Greece 21.824312
81%
Malta 14.375416
81%
Russia 105.318756
81%
Ukraine 31.16558
81%
Bosnia and Herzegovina 17.679076
77%
Latvia 24.603189
77%
Lithuania 23.881275
77%
North Macedonia 21.745275
77%
Romania 24.96676
77%
Serbia 21.005859
77%
Albania 20.168331
74%
Bulgaria 25.48583
74%
Czech Republic 15.472962
74%
Estonia 25.013607
74%
Hungary 19.503304
74%
Moldova 28.369885
74%
Montenegro 19.37439
74%
Slovakia 19.699024
74%
Slovenia 14.995463
74%
Kosovo 20.902977
68%
No matching quizzes found
Score Distribution
Percent of People with Each Score
Percentile by Number Answered
Your Score History
You have not taken this quiz